| 000 | 00491nam a22001817a 4500 | ||
|---|---|---|---|
| 003 | LK-CoDNM | ||
| 005 | 20250123132105.0 | ||
| 008 | 250123b |||||||| |||| 00| 0 eng d | ||
| 040 |
_aLK-CoDNM _dLK-CoDNM _eLK-CoDNM |
||
| 041 | _aeng | ||
| 080 |
_a13 _bB24 |
||
| 100 | _aSc. D. G.H Parker | ||
| 245 | _aThe elementary nervous system | ||
| 260 |
_aPhiladelphia and London _bJ.B Lippincott company _c1919 |
||
| 300 | _a229p. : ill ; 20 cm | ||
| 650 | _aNervous system | ||
| 942 | _cBK | ||
| 999 |
_c237326 _d237326 |
||